00494nam a2200193 a 4500001001300000003000900013005001700022008004100039020002200080082001300102100001600115245001700131260002500148300000900173500003500182505004800217650001900265700001600284nice12345678IN_TiNIC20260116013259.0050524s2000 dela grp 000 0 eng  a8172148 c4500a241bRUD aRudge, Alan aOther Cheek. aDelhi bISPCK c2000 a120p aincludes index and biblioraphy2 aShort bibliography on theological education aTheology-Moral1 aRudge, Alan